Uplatnenie nepriamych daní v podmienkach Slovenskej republiky bakalárska práca

Salvato in:
Dettagli Bibliografici
Autore principale: Ondrejkovičová, Elena
Ente Autore: Fakulta podnikového manažmentu EU. Katedra podnikových financií
Altri autori: Lénártová, Gizela
Natura: Libro
Lingua:slovacco
Pubblicazione: Bratislava 2011
Tags: Aggiungi Tag
Nessun Tag, puoi essere il primo ad aggiungerne!!

MARC

LEADER 00000nbm a2200000 4500
001 0139987
005 20161109111657.3
041 0 |a slo 
044 |a SK 
245 1 0 |a Uplatnenie nepriamych daní v podmienkach Slovenskej republiky  |b bakalárska práca  |c Elena Ondrejkovičová ; školiteľ: Gizela Lénártová 
264 1 |a Bratislava  |c 2011 
300 |a 52 s. 
100 1 |a Ondrejkovičová, Elena 
700 1 |a Lénártová, Gizela 
710 2 |a Fakulta podnikového manažmentu EU. Katedra podnikových financií